Brazil National Parks Quiz - Statistics

General Stats
  • This quiz has been taken 9 times
  • The average score is 12 of 73
Answers on the Map
Answers color-coded by a green-red scale on the quiz's map according to % correct below.
 
Answer Stats
State Park % Correct
Bahia Alto Cariri
50%
Pará Amazônia
50%
Bahia Boa Nova
50%
Distrito Federal Brasília
50%
Amapá Cabo Orange
50%
Amazonas, Rondônia Campos Amazônicos
50%
Goiás Emas
50%
Paraná Iguaçu
50%
Mato Grosso do Sul, Paraná Ilha Grande
50%
Amazonas Jaú
50%
Mato Grosso Pantanal Matogrossense
50%
Amazonas Anavilhanas
25%
Bahia Boqueirão da onça
25%
Paraná Campos Gerais
25%
Espírito Santo, Minas Gerais Caparaó
25%
Maranhão Chapada das Mesas
25%
Bahia Chapada Diamantina
25%
Mato Grosso Chapada dos Guimarães
25%
Goiás Chapada dos Veadeiros
25%
Bahia Descobrimento
25%
Paraná Guaricana
25%
Minas Gerais, Rio de Janeiro Itatiaia
25%
Ceará Jericoacoara
25%
Amazonas, Mato Grosso Juruena
25%
Maranhão Lençóis Maranhenses
25%
Amazonas, Rondônia Mapinguari
25%
Bahia Marinho dos Abrolhos
25%
Amapá Montanhas do Tumucumaque
25%
Bahia Monte Pascoal
25%
Amazonas Nascentes do Lago Jari
25%
Bahia, Maranhão, Piauí, Tocantins Nascentes do Rio Parnaíba
25%
Bahia Pau Brasil
25%
Amazonas Pico da Neblina
25%
Pará Rio Novo
25%
Minas Gerais Serra da Canastra
25%
Bahia Serra das Lontras
25%
Acre Serra do Divisor
25%
Ceará Ubajara
25%
Rio Grande do Sul, Santa Catarina Aparados da Serra
0%
Tocantins Araguaia
0%
Santa Catarina Araucárias
0%
Pará Campos Ferruginosos
0%
Pernambuco Catimbau
0%
Minas Gerais Cavernas do Peruaçu
0%
Rio Grande do Norte Furna Feia
0%
Minas Gerais, Bahia Grande Sertão Veredas
0%
Pará Jamanxim
0%
Rio Grande do Sul Lagoa do Peixe
0%
Paraná Marinho das Ilhas Dos Currais
0%
Pernambuco Marinho de Fernando de Noronha
0%
Roraima Monte Roraima
0%
Rondônia Pacaás Novos
0%
Rio de Janeiro Restinga de Jurubatiba
0%
Paraná Saint-Hilaire/Lange
0%
Santa Catarina São Joaquim
0%
Minas Gerais Sempre-vivas
0%
São Paulo, Rio de Janeiro Serra da Bocaina
0%
Mato Grosso do Sul Serra da Bodoquena
0%
Piauí Serra da Capivara
0%
Rondônia Serra da Cutia
0%
Roraima Serra da Mocidade
0%
Piauí Serra das Confusões
0%
Sergipe Serra de Itabaiana
0%
Minas Gerais Serra do Cipó
0%
Minas Gerais Serra do Gandarela
0%
Santa Catarina Serra do Itajaí
0%
Pará Serra do Pardo
0%
Rio de Janeiro Serra dos Órgãos
0%
Rio Grande do Sul, Santa Catarina Serra Geral
0%
Piauí Sete Cidades
0%
Paraná Superagui
0%
Rio de Janeiro Tijuca
0%
Roraima Viruá
0%
No matching quizzes found
Score Distribution
Percent of People with Each Score
Percentile by Number Answered
Your Score History
You have not taken this quiz